000 00819cgm a22002415 4500
005 20220316235759.0
008 030829s2002 ck --- g s vuspa
041 0 _aspa
082 0 4 _a637.352
_bH63qu
110 2 _aHogares Juveniles Campesinos
_92547
245 1 0 _aQuesillo
_hvideograbación
_cHogares Juveniles Campesinos
250 _aPrimera edición
300 _a1 videocassete
490 0 _aVideoteca del campo : granja integral autosuficiente
650 1 4 _aIndustria lechera
_vVideocasetes
_2LEMB
650 1 4 _aProductos lácteos
_vVideocasetes
_2LEMB
942 _2ddc
_cVIDEOCASET
264 _aBogotá
_bHogares Juveniles Campesinos
_c2002
336 _atexto
_btxt
_2rdacontent
337 _asin mediación
_bn
_2rdamedia
338 _avolumen
_bnc
_2rdacarrier
040 _aCO-BoRNBP
_bspa
_erda
_cCO-BoRNBP
999 _c2140
_d2140